000 01134nam a2200241Ia 4500
999 _c37618
_d37618
001 3590
003 GE_BSU
005 20190627155620.0
008 181216s2010||||ge |||||||||||||| ||geo||
020 _a9789994047642
040 _cGE_BSU
041 _ageo
080 _a347.9 გ–30
100 _aგელაშვილი, ნონა
_92998
245 _aევროკავშირის სასამართლო პრაქტიკა :
_bამონარიდები ევროკავშირის სასამართლოს რჩეული გადაწყვეტილებებიდან /
_cნონა გელაშვილი, ეთერ ყამარაული.
264 _aთბილისი :
_bGTZ,
_c2010.
300 _a497 გვ. ;
_b23 სმ.
504 _aტექსტის შენიშვნ.
653 _aევროკავშირი
653 _aსასამართლო გადაწყვეტილებები
700 _aყამარაული, ეთერ
_eავტორი
_92999
942 _cBK
_2udc